000 00532nam a2200193Ia 4500
003 GCL
008 140319s9999 xx 000 0 ara d
040 _aGCL /
_cGCL
082 0 4 _a811.09
_bا ل
100 1 _aاسماعيل فقيه
245 1 0 _aليس غيابك /
_cاسماعيل فقيه
260 _a[S.N] :
_bدار الجديد ،
_c1992
300 _a100 ص
490 _a
650 0 4 _aالشعر
650 0 4 _aالشعر العربى - العصر الحديث
650 0 4 _aالمجموعات
942 _2ddc
_cBK
999 _c32293
_d32293